Circles - Mac Miller - Statistics

General Stats
  • This quiz has been taken 17 times
  • The average score is 10 of 14
Answer Stats
Songs Plays Artists % Correct
Blue World 432,627,938 Mac Miller
92%
Circles 212,140,509 Mac Miller
92%
Good News 505,594,755 Mac Miller
92%
Hand Me Downs 154,956,636 Mac Miller
83%
Surf 188,270,907 Mac Miller
83%
Woods 179,700,731 Mac Miller
83%
Hands 57,724,234 Mac Miller
75%
Complicated 107,235,978 Mac Miller
58%
Floating 32,111,756 Mac Miller
58%
I Can See 83,139,680 Mac Miller
58%
Once A Day 82,255,592 Mac Miller
58%
Everybody 95,231,088 Mac Miller
50%
Right 86,551,861 Mac Miller
50%
That's On Me 76,962,715 Mac Miller
42%
No matching quizzes found
Score Distribution
Percent of People with Each Score
Percentile by Number Answered
Your Score History
You have not taken this quiz